000 00883nas a2200289 4500
001 BR0900209
003 BR-BrBNA
005 20231205113026.0
007 ta
008 230509b bl.|||p| |||| 00| 00por d
040 _aBR-BrBNA
_bpor
_cBiblioteca Nacional de Agricultura
041 _a(Pt)
072 _aU10
100 1 _aSilva Neto, B.
100 1 _aScneider, M.
100 1 _aViegas, J.
245 1 _aModelo de simulação de sistemas de pastejo rotativo e contínuo de azevém (Lolium multiflorum lam.)na bovinocultura
650 _aAZEVÉM
650 _aGRAMÍNEA FORRAGEIRA
650 _aBOVINO
650 _aPASTAGEM
650 _aMATÉRIA SECA
650 _aMODELO DE SIMULAÇÃO
773 0 _tCiência Rural (Brazil)
_xISSN 0103-8478
_g(Jul-Aug 2006), v. 36(4) p. 1272-1277
_wBR0900209
909 _a202311
_bLúcia
_c55
_dLúcia Elande
942 _2AGRIS
_n0
_cANA
999 _c201408
_d201408